Oil and meal yields per acre from cottonseed, peanuts, and soybeans : study of farms, counties and areas producing cotton and peanuts or cotton and soybeans, southern region, AAA, 1942.

Bibliographic Details
Corporate Author: United States. War Food Administration
Format: Government Document eBook
Language:English
Published: [Washington] : [s.n.], 1943.
Subjects:
Online Access:Electronic resource (PDF)

MARC

Tag First Indicator Second Indicator Subfields
LEADER 00000cam a22000001i 4500
001 in00003965621
006 m d f
007 cr bn mmmapmmp
008 431006s1943 dcu o f000 0 eng d
005 20250210235157.7
035 |a ebd1943006526 
040 |a UMI  |c UMI  |e rda  |d UtOrBLW 
086 0 |a A 80.2102:Oi 5/942 
099 |a A80.2102..Oi5_942 
110 1 |a United States.  |b War Food Administration.  |0 http://id.loc.gov/authorities/names/n82224490 
245 1 0 |a Oil and meal yields per acre from cottonseed, peanuts, and soybeans :  |b study of farms, counties and areas producing cotton and peanuts or cotton and soybeans, southern region, AAA, 1942. 
264 1 |a [Washington] :  |b [s.n.],  |c 1943. 
300 |a 1 online resource (50 pages), digital, PDF file 
336 |a text  |b txt  |2 rdacontent 
337 |a computer  |b c  |2 rdamedia 
338 |a online resource  |b cr  |2 rdacarrier 
500 |a . 
533 |a Electronic reproduction.  |b [Bethesda, Md.] :  |c ProQuest,  |d 2017  |e digital, PDF file.  |n ProQuest U.S. Executive Branch Documents  |n Mode of access: World Wide Web via ProQuest website. 
588 |a Record is based on online resource; title from PDF title page (ProQuest, last viewed Jan. 2017). Reuse except for individual research requires license from ProQuest, LLC. 
650 0 |a Oils and fats.  |0 http://id.loc.gov/authorities/subjects/sh85094407 
650 0 |a Cotton.  |0 http://id.loc.gov/authorities/subjects/sh85033302 
650 0 |a Seeds.  |0 http://id.loc.gov/authorities/names/no2006006540 
650 0 |a Soybean.  |0 http://id.loc.gov/authorities/subjects/sh85125884 
856 4 0 |u http://proxy.library.tamu.edu/login?url=http://congressional.proquest.com/congressional/docview/t66.d71.a80.2102..oi5_942?  |y Electronic resource (PDF)  |t 0 
999 f f |s 7e539cfb-1dfe-3423-b8b1-303cb6cc0ab8  |i 4628233b-a8d4-3904-9ef6-34977dcef113  |t 0 
952 f f |a Texas A&M University  |b College Station  |c Electronic Resources  |d Available Online  |t 0  |h No information provided 
998 f f |t 0  |l Available Online